Kraje z najgorszym internetem 2026 - Statystyki

Ogólne statystyki
  • Ten quiz został rozwiązany 19 razy
  • Średni wynik to 7 z 15
Statystyki odpowiedzi
Miejsce Prędkość Kraj % Poprawnych
14 4,35 Demokratyczna Republika Konga
73%
13 4,31 Niger
73%
11 3,67 Sudan
73%
15 4,39 Czad
67%
6 3,21 Afganistan
53%
8 3,40 Burundi
53%
10 3,54 Etiopia
53%
2 2,80 Syria
47%
4 3,10 Tadżykistan
47%
1 2,72 Turkmenistan
47%
3 2,99 Jemen
40%
9 3,48 Gambia
27%
5 3,15 Gwinea Równikowa
27%
12 4,14 Kuba
20%
7 3,34 Timor Wschodni
20%
Nie znaleziono quizów pasujących do podanych kryteriów
Rozkład punktacji
Procent ludzi z każdym wynikiem
Percentyl według liczby udzielonych odpowiedzi
Twoja historia wyników
Nie rozwiązałeś tego quizu